| 000 | 00857nam a2200217 a 4500 | ||
|---|---|---|---|
| 001 | 000040285 | ||
| 003 | OSt | ||
| 005 | 20210318134428.0 | ||
| 008 | 130802s2004 mx 000 0 spa d | ||
| 020 | _a970320807X | ||
| 040 |
_aDO-SdBNP _bspa _cBNPHU |
||
| 100 | 1 |
_a Fernández de Lizardi, José Joaquín, _966562 _d 1776-1827. |
|
| 245 | 1 | 0 |
_aVida y hechos del famoso caballero Don Catrín de la Fachenda / _cJosé Joaquín Fernández de Lizardi ; introducción María Rosa Palazón Mayoral. |
| 260 |
_aMéxico : _bUniversidad Nacional Autónoma de México, _c2004. |
||
| 300 |
_a118 p. ; _c18 cm. |
||
| 490 | 1 |
_aRelato Licenciado Vidriera _v4 |
|
| 700 | 1 |
_aPalazón Mayoral, María Rosa _eintr. _966563 |
|
| 710 | 2 |
_aUniversidad Nacional Autónoma de México _942447 |
|
| 830 | 0 |
_aRelato Licenciado Vidriera _v4 _966234 |
|
| 942 |
_2ddc _cLBS1 |
||
| 999 |
_c39775 _d39775 |
||